00348nam a2200133Ia 4500008004100000041000800041082001500049100001600064245003300080260003300113300002700146365001700173700002400190230718s9999 xx 000 0 und d aeng a330.1bTHI aThill J. R. aBusiness Communication Today c2000bPrentice Hall Of India a692dRef 153 G (15212) cRs.b1058.00 aThill J. R. & Bovee